000 00465nam a2200193Ia 4500
005 20240823015821.0
008 240823s9999||||xx |||||||||||||| ||und||
020 _a981-240-370-1
041 _aENGLISH
082 _A150.72 P3
100 _a"McBurney,Donald H"
245 0 _aResearch Methods
250 _a5th
260 _c2003
_b"Thompson,Aust"
500 _aTRANSFERED
650 _aResearch Methods
_bManagement Studies
942 _cBK
999 _c173312
_d173312